S&P 500 Companies - Statistics

General Stats
  • This quiz has been taken 2,766 times
    1,974 since last reset
  • The average score is 71 of 500
Answer Stats
Hint Answer % Correct
PPL PPL Corporation
97%
ON ON Semiconductor
95%
TEL TE Connectivity
91%
AMZN Amazon
87%
GOOG Alphabet Inc.
82%
GEHC GE HealthCare
82%
GE General Electric
82%
MSFT Microsoft
82%
AAPL Apple Inc.
81%
META Meta Platforms
77%
TSLA Tesla, Inc.
76%
NVDA Nvidia
70%
WMT Walmart
70%
F Ford Motor Company
69%
MCD McDonald's
68%
JPM JP Morgan Chase
67%
GM General Motors
63%
NKE Nike, Inc.
63%
DELL Dell Technologies
60%
NFLX Netflix
60%
SPGI S&P Global
60%
DIS Disney
59%
FOX Fox Corporation
59%
IBM IBM
58%
EBAY eBay
56%
UBER Uber Technologies
56%
BAC Bank of America
53%
ABNB Airbnb
52%
COST Costco
52%
UAL United Airlines Holdings
52%
PEP PepsiCo
51%
BA Boeing
50%
XOM ExxonMobil
50%
JCI Johnson Controls
50%
UPS United Parcel Service
50%
T AT&T
49%
FDX FedEx
49%
INTC Intel
49%
JNJ Johnson & Johnson
49%
PYPL PayPal
49%
VZ Verizon
49%
V Visa Inc.
49%
DAL Delta Air Lines
48%
PG Procter & Gamble
48%
ADBE Adobe Inc.
47%
BRK.B Berkshire Hathaway
47%
KO The Coca-Cola Company
47%
DOW DOW Inc.
46%
AXP American Express
45%
MA Mastercard
45%
ORCL Oracle Corporation
45%
SBUX Starbucks
45%
AMD AMD
44%
NDAQ Nasdaq, Inc.
44%
WFC Wells Fargo
44%
TGT Target Corporation
43%
CVS CVS Health
42%
HPQ HP Inc.
42%
PFE Pfizer
42%
CAT Caterpillar Inc.
41%
GS Goldman Sachs
41%
CSCO Cisco
40%
ZBRA Zebra Technologies
40%
LULU Lululemon Athletica
37%
MGM MGM Resorts
37%
HD The Home Depot
36%
MMM 3M
35%
CVX Chevron Corporation
35%
C Citigroup
34%
QCOM Qualcomm
34%
SWK Stanley Black & Decker
34%
UNH UnitedHealth Group
34%
YUM Yum! Brands
34%
BLK BlackRock
33%
TMUS T-Mobile US
31%
EXPE Expedia Group
30%
HLT Hilton Worldwide
30%
LMT Lockheed Martin
30%
PARA Paramount Global
30%
LUV Southwest Airlines
30%
LOW Lowe's
29%
CMCSA Comcast
27%
LLY Eli Lilly and Company
27%
MS Morgan Stanley
27%
WBA Walgreens Boots Alliance
27%
AON Aon
26%
AXON Axon Enterprises
26%
DE John Deere
25%
PLTR Palantir Technologies
25%
SCHW Charles Schwab Corporation
24%
EA Electronic Arts
24%
MRNA Moderna
24%
CRM Salesforce
24%
ABBV AbbVie
23%
MTB M&T Bank
23%
OTIS Otis Worldwide
23%
TXN Texas Instruments
23%
ULTA Ulta Beauty
23%
WYNN Wynn Resorts
23%
BALL Ball Corporation
22%
AVGO Broadcom Inc.
22%
MRK Merck & Co.
22%
PNC PNC Financial Services
22%
WBD Warner Bros. Discovery
22%
ABT Abbott Laboratories
21%
ERIE Erie Indemnity
21%
ADP ADP
20%
GRMN Garmin
20%
INTU Intuit
20%
KR Kroger
20%
ADM ADM
19%
AES AES Corporation
19%
AMGN Amgen
19%
BX Blackstone Inc
19%
CMG Chipotle Mexican Grill
19%
DUK Duke Energy
19%
K Kellanova
19%
KKR KKR & Co.
19%
POOL Pool Corporation
19%
RTX Raytheon Technologies
19%
APA APA Corporation
18%
KHC Kraft Heinz
18%
BBY Best Buy
17%
HPE Hewlett Packard Enterprises
17%
ACN Accenture
16%
ADSK Autodesk
16%
BKNG Booking Holdings
16%
MDLZ Mondelez International
16%
MNST Monster Beverage
16%
MSCI MSCI
16%
STLD Steel Dynamics
16%
CME CME Group
15%
CRWD CrowdStrike Holdings
15%
CSX CSX
15%
HAS Hasbro
15%
HON Honeywell
15%
MAR Marriott International
15%
NRG NRG Energy
15%
PSX Phillips 66
15%
PPG PPG Industries
15%
PRU Prudential Financial
15%
SBAC SBA Communications
15%
ALL Allstate
14%
COF Capital One
14%
CBRE CBRE Group
14%
DFS Discover Financial
14%
DG Dollar General
14%
DPZ Domino's
14%
GDDY GoDaddy
14%
HCA HCA Healthcare
14%
MET MetLife
14%
MU Micron Technology
14%
AFL Aflac
13%
GIS General Mills
13%
PGR Progressive Corporation
13%
TJX TJX Companies
13%
WM Waste Management
13%
DD DuPont
12%
GD General Dynamics
12%
WDC Western Digital
12%
ALGN Align Technology
11%
AMAT Applied Materials
11%
CBOE Cboe Global Markets
11%
CF CF Industries
11%
CHTR Charter Communications
11%
COP ConocoPhillips
11%
DLTR Dollar Tree
11%
EQT EQT
11%
EFX Equifax
11%
FIS Fidelity National Information Services
11%
ICE Intercontinental Exchange
11%
JNPR Juniper Networks
11%
KDP Keurig Dr Pepper
11%
KLAC KLA Corporation
11%
LRCX Lam Research
11%
ROST Ross Stores
11%
VICI Vici Properties
11%
AIG American International Group
10%
CDW CDW
10%
EOG EOG Resources
10%
HAL Halliburton
10%
HSY Hershey's
10%
MCO Moody's Corporation
10%
OXY Occidental Petroleum
10%
PM Philip Morris International
10%
RL Ralph Lauren Corporation
10%
VRTX Vertex Pharamaceuticals
10%
ACGL Arch Captial Group
9%
CCL Carnival
9%
CB Chubb Limited
9%
CI Cigna
9%
CMS CMS Energy
9%
CL Colgate-Palmolive
9%
DTE DTE Energy
9%
GILD Gilead Sciences
9%
KMB Kimberly-Clark
9%
LIND Linde plc
9%
MSI Motorola Solutions
9%
NWS News Corp
9%
NOC Northrop Grumman
9%
PANW Palo Alto Networks
9%
SMCI Super Micro Computer
9%
TTWO Take-Two Interactive
9%
TSN Tyson Foods
9%
UNP Union Pacific Corporation
9%
MO Altria
8%
ANET Arista Networks
8%
AZO AutoZone
8%
BK BNY Mellon
8%
BMY Bristol Myers Squibb
8%
CZR Caesars Entertainment
8%
CLX Clorox
8%
DOV Dover Corporation
8%
FI Fiserv
8%
HUM Humana
8%
MMC Marsh McLennan
8%
MCK McKesson
8%
TAP Molson Coors Beverage Company
8%
REGN Regeneron
8%
NOW ServiceNow
8%
SO Southern Company
8%
SYY Sysco
8%
TMO Thermo Fisher Scientific
8%
WMB Williams Companies
8%
AEP American Electric Power
7%
AMT American Tower
7%
BSX Boston Scientific
7%
CTAS Cintas
7%
D Dominion Energy
7%
EPAM EPAM Systems
7%
FMC FMC Corporation
7%
HES Hess Corporation
7%
MRO Marathon Oil
7%
MPC Marathon Petroleum
7%
MTCH Match Group
7%
NXPI NXP Semiconductors
7%
ORLY O'Reilly Auto Parts
7%
PAYX Paychex
7%
PTC PTC
7%
TRV The Travelers Company
7%
TFC Truist
7%
USB U.S. Bank
7%
VLO Valero Energy
7%
XEL Xcel Energy
7%
AKAM Akamai
6%
AMCR Amcor
6%
BAX Baxter International
6%
CARR Carrier Global
6%
CFG Citizens Financial Group
6%
ED Consolidated Edison
6%
STZ Constellation Brands
6%
CEG Constellation Energy
6%
COO CooperCompanies
6%
DECK Deckers Outdoor
6%
DXCM Dexcom
6%
ENPH Enphase
6%
EQIX Equinix
6%
FTNT Fortinet
6%
LVS Las Vegas Sands
6%
LDOS Leidos
6%
NEE NextEra Energy
6%
NVR NVR, Inc.
6%
PAYC Paycom
6%
ROP Roper Technologies
6%
SHW Sherwin-Williams
6%
STT State Street Corporation
6%
UDR UDR, Inc.
6%
VST Vistra
6%
A Agilent Technologies
5%
APD Air Products and Chemicals
5%
AWK American Water Works
5%
ADI Analog Devices
5%
BIIB Biogen
5%
CPB Campbell Soup Company
5%
CPRT Copart
5%
DHR Danaher Corporation
5%
DVN Devon Energy
5%
DHI D.R. Horton
5%
FICO Fair Isaac Corporation
5%
FAST Fastenal
5%
FSLR First Solar
5%
GEV GE Vernova
5%
HBAN Huntington Bancshares
5%
IEX IDEX Corporation
5%
IDXX Idexx Laboratories
5%
ISRG Intuitive Surgical
5%
JBHT J.B. Hunt
5%
KVUE Kenvue Inc
5%
LKQ LKQ Corporation
5%
L Loews Corporation
5%
MDT Medtronic
5%
NSC Norfolk Southern Railway
5%
NCLH Norwegian Cruise Line Holdings
5%
PCAR Paccar
5%
PCG PG&E
5%
RCL Royal Caribbean Group
5%
SLB Schlumberger
5%
TXT Textron
5%
EL The Estee Lauder Companies
5%
TROW T. Rowe Price
5%
WEC WEC Energy Group
5%
ZTS Zoetis
5%
APH Amphenol
4%
ANSS Ansys
4%
APTV Aptiv
4%
AJG Arthur J. Gallagher & Co.
4%
BRO Brown & Brown
4%
BLDR Builders FirstSource
4%
CDNS Cadence Design Systems
4%
CAH Cardinal Health
4%
GLW Corning Inc.
4%
CSGP CoStar Group
4%
DLR Digital Realty
4%
ECL Ecolab
4%
ELV Elevance Health
4%
EQR Equity Residential
4%
FITB Fifth Third Bank
4%
LHX L3Harris
4%
LEN Lennar
4%
NUE Nucor
4%
ODFL Old Dominion
4%
RJF Raymond James
4%
O Realty Income
4%
RSG Republic Services
4%
SYK Stryker Corporation
4%
SNPS Synopsys
4%
VRSN Verisign
4%
VRSK Verisk
4%
ARE Alexandria Real Estate Equities
3%
AEE Ameren
3%
AMP Ameriprise Financial
3%
AOS A.O. Smith
3%
AVB AvalonBay Communities
3%
BKR Baker Hughes
3%
BBWI Bath & Body Works, Inc.
3%
BDX Becton Dickinson
3%
BWA BorgWarner
3%
BXP Boston Properties
3%
BF.B Brown-Forman
3%
BG Bunge Global
3%
KMX CarMax
3%
CNC Centene Corporation
3%
CAG Conagra Brands
3%
CTVA Corteva
3%
CCI Crown Castle
3%
CMI Cummins
3%
DRI Darden Restaurants
3%
DAY Dayforce
3%
FANG Diamondback Energy
3%
ETN Eaton Corporation
3%
EMR Emerson Electric
3%
FRT Federal Realty
3%
FCX Freeport-McMoRan
3%
GNRC Generac
3%
ITW Illinois Tool Works
3%
IP International Paper
3%
IQV IQVIA
3%
JBL Jabil
3%
J Jacobs Solutions
3%
KEY KeyCorp
3%
KMI Kinder Morgan
3%
LYV Live Nation Entertainment
3%
MCHP Microchip Technology
3%
MPWR Monolithic Power Systems
3%
NTRS Northern Trust
3%
PLD Prologis
3%
RF Regions Financial Corporation
3%
ROK Rockwell Automation
3%
SPG Simon Property Group
3%
SWKS Skyworks Solutions
3%
SNA Snap-on
3%
TPR Tapestry, Inc.
3%
TER Teradyne
3%
SJM The J.M. Smucker Company
3%
TRMB Trimble Inc.
3%
TYL Tyler Technologies
3%
URI United Rentals
3%
WTW Willis Towers Watson
3%
GWW W.W. Grainger
3%
XYL Xylem Inc.
3%
ALB Albamarle Corporation
2%
ALLE Allegion
2%
LNT Alliant Energy
2%
AME Ametek
2%
AIZ Assurant
2%
ATO Atmos Energy
2%
AVY Avery Dennison
2%
CTLT Catalent
2%
CE Celanese
2%
CNP CenterPoint Energy
2%
CRL Charles River Laboratories
2%
CHRW C.H. Robinson
2%
CHD Church & Dwight
2%
CINF Cincinnati Financial
2%
CTSH Cognizant
2%
CPAY Corpay Inc
2%
CTRA Coterra
2%
EMN Eastman Chemical Company
2%
EW Edwards Lifesciences
2%
ETR Entergy
2%
EVRG Evergy
2%
EXC Exelon
2%
EXPD Expeditors International
2%
FFIV F5, Inc.
2%
FDS FactSet
2%
FE FirstEnergy
2%
FTV Fortive
2%
BEN Franklin Templeton
2%
IT Gartner
2%
GPN Global Payments
2%
GL Globe Life
2%
HOLX Hologic
2%
HRL Hormel Foods
2%
HST Host Hotels & Resorts
2%
HWM Howmet Aerospace
2%
HUBB Hubbell Incorporated
2%
INCY Incyte
2%
IVZ Invesco
2%
IRM Iron Mountain
2%
JKHY Jack Henry & Associates
2%
KEYS Keysight
2%
LH LabCorp
2%
LW Lamb Weston
2%
LYB LyondellBasell
2%
MLM Martin Marietta Materials
2%
MKC McCormick & Company
2%
MHK Mohawk Industries
2%
MOH Molina Healthcare
2%
NEM Newmont
2%
OKE Oneok
2%
PH Parker Hannifin
2%
PHM PulteGroup
2%
QRVO Qorvo
2%
PWR Quanta Services
2%
DGX Quest Diagnostics
2%
REG Regency Centers
2%
RMD ResMed
2%
RVTY Revvity
2%
ROL Rollins, Inc.
2%
STX Seagate Technology
2%
SYF Synchrony Financial
2%
TRGP Targa Resources
2%
HIG The Hartford
2%
MOS The Mosaic Company
2%
TSCO Tractor Supply
2%
TT Trane Technologies
2%
TDG TransDigm Group
2%
VMC Vulcan Materials Company
2%
WAT Waters Corporation
2%
WELL Welltower
2%
WY Weyerhaeuser
2%
TECH Bio-Techne
1%
BR Broadridge Financial Solutions
1%
CPT Camden Property Trust
1%
DVA DaVita Inc.
1%
ESS Essex Property Trust
1%
EG Everest Group
1%
ES Eversource
1%
EXR Extra Space Storage
1%
GEN Gen Digital
1%
GPC Genuine Parts Company
1%
PEAK Healthpeak
1%
HSIC Henry Schein
1%
HII Huntington Ingalls Industries
1%
IR Ingersoll Rand
1%
PODD Insulet Corporation
1%
IFF International Flavors & Fragrances
1%
INVH Invitation Homes
1%
KIM Kimco Realty
1%
MKTX MarketAxess
1%
MAS Masco
1%
MTD Mettler Toledo
1%
MAA Mid-America Apartment Communities
1%
NTAP NetApp
1%
NI NiSource
1%
NDSN Nordson Corporation
1%
NLOK NortonLifeLock
1%
OMC Omnicom Group
1%
PKG Packaging Corporation of America
1%
PNR Pentair
1%
PNW Pinnacle West
1%
PFG Principal Financial Group
1%
PEG Public Service Enterprise Group
1%
PSA Public Storage
1%
SRE Sempra Energy
1%
SW Smurfit WestRock
1%
SOLV Solventum
1%
STE Steris
1%
SIVB SVB Financial
1%
TDY Teledyne Technologies
1%
UHS Universal Health Services
1%
VTR Ventas
1%
VLTO Veralto
1%
VTRS Viatris
1%
WAB Wabtec
1%
WRB W.R. Berkley
1%
ZBH Zimmer Biomet
1%
TFX Teleflex
0%
IPC The Interpublic Group of Companies
0%
WST West Pharmaceutical Services
0%
No matching quizzes found
Score Distribution
Percent of People with Each Score
Percentile by Number Answered
Your Score History
You have not taken this quiz since the last reset